| 000 | 00482nam a2200181Ia 4500 | ||
|---|---|---|---|
| 001 | 23758 | ||
| 005 | 20260414150958.0 | ||
| 008 | 260414t1986||||xx |||||||||||||| ||spa|| | ||
| 041 | _aESP | ||
| 082 |
_a704.9482 _bO63 |
||
| 100 |
_aOrdax, Salvador Andrés _eAUT |
||
| 245 | 0 |
_aIconografía cristológica a fines de la edad media : _b el crucero de Sasamón |
|
| 260 | _c1986 | ||
| 300 |
_a83 páginas : _c22 cm. |
||
| 650 | _aABD | ||
| 654 | _aCAU | ||
| 942 |
_cLIB _dJUS _fJUS _2ddc _n |
||
| 999 |
_c23758 _d23758 |
||